| 000 | 00438cam a2200181ua 4500 | ||
|---|---|---|---|
| 020 | _c350 | ||
| 041 |
_amal _h |
||
| 082 |
_a894.812 09 _bNAI/SA |
||
| 100 | _aNair, S K . | ||
| 245 |
_aSahitya sudha / _cS K Nair. _hTextual Documents |
||
| 250 |
_a1 / _b. |
||
| 260 |
_aKottayam : _bSahitya Pravarthaka Co-operative Society , _c1957. |
||
| 300 | _a254 ; . | ||
| 365 | _a350 | ||
| 504 | _a | ||
| 942 | _cBK | ||
| 999 |
_c6499 _d6499 |
||